000
00315nam a22001457a 4500
008
210224b ||||| |||| 00| 0 eng d
020
_a
0397446039
041
_a
eng
080
_a
616.15
082
_a
616.15
100
_a
9
101
_a
HEM
245
_a
Clinical Hematology
_c
Hoffbrand,A.V
942
_2
udc
_c
BK
999
_c
55142
_d
55142